| 000 | 01164cam a22003377a 4500 | ||
|---|---|---|---|
| 003 | CHAP | ||
| 005 | 20220329134735.0 | ||
| 008 | 971013s1971 r 00010 d | ||
| 010 | _a25080 | ||
| 011 | _a26052 | ||
| 035 | _a30152 | ||
| 040 | _cCHAP | ||
| 090 | _aFolleto 4252 | ||
| 110 |
_aInstituto Interamericano de Ciencias Agrícolas de la OEA. _959209 |
||
| 245 | 0 |
_aPastos y forrajes _b: cursos regular de postgrado dictado en Turrialba... |
|
| 260 |
_aTurrialba : _bInstituto Interamericano de Ciencias Agrícolas de la OEA, _c1971 |
||
| 300 | _a87 p | ||
| 590 |
_aBATCH-UPD _b10 _c20130110 _lUCH01 _h0039 |
||
| 590 |
_aBATCH-UPD _b10 _c20130110 _lUCH01 _h1050 |
||
| 590 |
_aBATCH-UPD _b10 _c20130410 _lUCH01 _h0646 |
||
| 590 |
_aBATCH-UPD _b10 _c20130914 _lUCH01 _h0944 |
||
| 590 |
_aCONVERSION _b10 _c20130109 _lUCH01 _h1315 |
||
| 650 | 1 | 4 |
_aCitología e histología vegetales. _923495 |
| 650 | 1 | 4 |
_aEstudios de postgrado. _938525 |
| 650 | 1 | 4 |
_aFertilizantes _xEfecto en pastos. _940536 |
| 650 | 1 | 4 |
_aPastoreo. _985984 |
| 650 | 1 | 4 |
_aPolítica ganadera. _990617 |
| 901 | _aBK | ||
| 942 | _cFOLL | ||
| 949 |
_aFolleto 4252 _bBC _cFOLL _d-69676 _eTS1 _i30152 _mD _si |
||
| 999 |
_c25080 _d25080 |
||